000 01124nam a22003257a 4500
001 163
003 FISKH
005 20250827091002.0
008 230301b cb ||||| |||| 00| 0 eng d
020 _a9780590430128
040 _aDLC
_beng
_cDLC
_erda
_dFISKH
050 0 0 _aPZ7.L6634
_bAj 2017
082 0 0 _a823.9
_223
100 1 _aLionni, Leo,
_d1910-1999,
_eauthor,
_eillustrator.
245 1 0 _aAlexander and the wind-up mouse /
_cby Leo Lionni.
264 1 _aNew York
_bScholastic
_c1989
300 _a15 leaves of plates
_billustrations
_c23 cm.
336 _atext
_2rdacontent
336 _astill image
_2rdacontent
337 _aunmediated
_2rdamedia
338 _avolume
_2rdacarrier
500 _a"Originally published in hardcover in the United States by Pantheon Books, New York, in 1969."
505 _aN
520 _aAlexander, a real mouse, wants to be a toy mouse like his friend Willy until he discovers Willy is to be thrown away.
521 8 _a560
_bLexile
521 8 _aN
_bRaz-Plus
650 1 _aMice
_vFiction.
906 _a7
_bcbc
_corigcop
_d2
_encip
_f20
_gy-gencatlg
942 _2ddc
_cBK
_n0
999 _c163
_d163